All About Stock Market Strategies: The Easy Way to Get Started (Record no. 791)
[ view plain ]
| 000 -LEADER | |
|---|---|
| fixed length control field | 00725nam a2200205Ii 4500 |
| 003 - CONTROL NUMBER IDENTIFIER | |
| control field | JO-AjNU |
| 008 - FIXED-LENGTH DATA ELEMENTS--GENERAL INFORMATION | |
| fixed length control field | 230606s9999||||xx |||||||||||||| ||und|| |
| 020 ## - INTERNATIONAL STANDARD BOOK NUMBER | |
| International Standard Book Number | 978-0-07-022472-8 / 0-07-022472-2 |
| 040 ## - CATALOGING SOURCE | |
| Original cataloging agency | JO-AjNU |
| Language of cataloging | eng |
| Description conventions | rda |
| Transcribing agency | JO-AjNU |
| 041 ## - LANGUAGE CODE | |
| Language code of text/sound track or separate title | eng |
| 050 14 - LIBRARY OF CONGRESS CALL NUMBER | |
| Classification number | HG4661.B768 2002 |
| 100 3# - MAIN ENTRY--PERSONAL NAME | |
| Personal name | Brown,David L / Kassandra Bentley, |
| Relator term | author |
| 9 (RLIN) | 1503 |
| 245 00 - TITLE STATEMENT | |
| Title | All About Stock Market Strategies: The Easy Way to Get Started |
| 264 31 - PRODUCTION, PUBLICATION, DISTRIBUTION, MANUFACTURE, AND COPYRIGHT NOTICE | |
| Place of production, publication, distribution, manufacture | New Delhe : Tata Mc Graw Hill Publishing company Limited,2002 |
| 300 ## - PHYSICAL DESCRIPTION | |
| Extent | 249P |
| Other physical details | Includes appendix glossary indexes(p211-249) |
| 336 ## - CONTENT TYPE | |
| Content type term | text |
| Content type code | txt |
| Source | rdacontent |
| 337 ## - MEDIA TYPE | |
| Media type term | unmediated |
| Media type code | n |
| Source | rdamedia |
| 338 ## - CARRIER TYPE | |
| Carrier type term | volume |
| Carrier type code | nc |
| Source | rdacarrier |
| 650 #4 - SUBJECT ADDED ENTRY--TOPICAL TERM | |
| Topical term or geographic name entry element | Market Strategies |
| 9 (RLIN) | 1504 |
| Withdrawn status | Lost status | Source of classification or shelving scheme | Damaged status | Not for loan | Home library | Current library | Shelving location | Date acquired | Total Checkouts | Full call number | Barcode | Date last seen | Price effective from | Koha item type |
|---|---|---|---|---|---|---|---|---|---|---|---|---|---|---|
| Library of Congress Classification | مكتبة جامعة عجلون الوطنية | مكتبة جامعة عجلون الوطنية | المجموعات العامة | 06/06/2023 | HG4661.B768 2002 | E791 | 06/06/2023 | 06/06/2023 | Books |